Catálogo público

Inclusión de suero de leche en dietas para cerdos al destete / (Record no. 219663)

MARC details
000 -CABECERA
campo de control de longitud fija 02824nam a2200301 a 4500
003 - IDENTIFICADOR DEL NÚMERO DE CONTROL
campo de control OSt
005 - FECHA Y HORA DE LA ÚLTIMA TRANSACCIÓN
campo de control 20260210131125.0
007 - CAMPO FIJO DE DESCRIPCIÓN FÍSICA--INFORMACIÓN GENERAL
campo de control de longitud fija cr ||||||a|c|a
008 - DATOS DE LONGITUD FIJA--INFORMACIÓN GENERAL
campo de control de longitud fija 240212s2020 mx a|||fom||| 001 0 spa d
040 ## - FUENTE DE LA CATALOGACIÓN
Normas de descripción rda
100 1# - ENTRADA PRINCIPAL--NOMBRE DE PERSONA
9 (RLIN) 188688
Nombre de persona Gómez Mendez, Martha Daniela
245 10 - MENCIÓN DE TÍTULO
Título Inclusión de suero de leche en dietas para cerdos al destete /
Mención de responsabilidad, etc. por Martha Daniela Gómez Mendez y Leonardo Daniel Paredes Reyes; director de tesis José Ma. Fernando Copado Bueno.
264 #1 - PRODUCCIÓN, PUBLICACIÓN, DISTRIBUCIÓN, FABRICACIÓN Y COPYRIGHT
Producción, publicación, distribución, fabricación y copyright Chapingo, México :
Nombre del de productor, editor, distribuidor, fabricante El autor,
Fecha de producción, publicación, distribución, fabricación o copyright 2020.
300 ## - DESCRIPCIÓN FÍSICA
Extensión 1 recurso en línea ( 86 páginas):
Otras características físicas cuadros, figuras.
336 ## - TIPO DE CONTENIDO
Fuente rdacontent
Término de tipo de contenido texto
Código de tipo de contenido txt
337 ## - TIPO DE MEDIO
Fuente rdamedia
Nombre/término del tipo de medio computadora
Código del tipo de medio c
338 ## - TIPO DE SOPORTE
Fuente rdacarrier
Nombre/término del tipo de soporte recurso en línea
Código del tipo de soporte cr
502 ## - NOTA DE TESIS
Tipo de título Ingeniero Agrónomo Especialista en Zootecnia
Nombre de la institución que otorga el título Departamento de Enseñanza, Investigación y Servicio en Zootecnia,
Año de obtención del título 2020.
Información miscelánea Licenciatura
504 ## - NOTA DE BIBLIOGRAFÍA, ETC.
Nota de bibliografía, etc. Incluye referencias bibliográficas: páginas 62-67.
520 ## - SUMARIO, ETC.
Sumario, etc. El experimento se realizó en una unidad de producción porcina de la comunidad Las Vigas de Ramírez, Veracruz. Los objetivos fueron: Probar la inclusión de suero de leche al 50 y 75% con base en el consumo de agua por día en cerdos al destete, estimar la ganancia diaria de peso (GDP), y evaluar las diferencias entre tratamientos para justificar la inclusión de suero de leche en la dieta para cerdos al destete. Se utilizaron 36 lechones de cuarenta y cinco días de edad con un peso vivo (PV) entre 7 y 12 kg. Los tratamientos fueron tres: sin suero de leche más concentrado comercial (T1), 50% suero de leche con base en el consumo de agua por día más concentrado (T2) y 75% suero de leche con base en el consumo de agua por día más concentrado (T3). Los lechones fueron asignados al azar en grupos de seis animales, asignando un tratamiento a dos grupos. Para el T1 se realizaron siete pesajes que se registraron en el día 0,15, 36, 57, 76, 96 y 131. Para el caso de los tratamientos dos y tres, se registraron seis pesajes en los días 0, 24, 45, 64, 84, 119. Los pesos obtenidos fueron analizados como un diseño completamente al azar con mediciones repetidas en el tiempo y se encontró diferencias significativas (p<0.0001) entre los tratamientos, así como también existieron diferencias significativas para días a mercado entre los tratamientos (p<0.0001). Para el análisis de GDP se usó el mismo método estadístico y se observaron diferencias significativas entre los tratamientos por periodo (p<0.0001).
650 #4 - PUNTO DE ACCESO ADICIONAL DE MATERIA--TÉRMINO DE MATERIA
9 (RLIN) 127193
Término de materia o nombre geográfico como elemento de entrada Suero de leche como suplemento dietético
650 #7 - PUNTO DE ACCESO ADICIONAL DE MATERIA--TÉRMINO DE MATERIA
9 (RLIN) 65444
Término de materia o nombre geográfico como elemento de entrada Lechones
Subdivisión general Alimentación
650 #4 - PUNTO DE ACCESO ADICIONAL DE MATERIA--TÉRMINO DE MATERIA
9 (RLIN) 187087
Término de materia o nombre geográfico como elemento de entrada Suplementos dietéticos
700 1# - PUNTO DE ACCESO ADICIONAL--NOMBRE DE PERSONA
9 (RLIN) 188687
Nombre de persona Paredes Reyes, Leonardo Daniel
700 1# - PUNTO DE ACCESO ADICIONAL--NOMBRE DE PERSONA
Nombre de persona Copado Bueno, José María Fernando
Término indicativo de función/relación Director de tesis.
9 (RLIN) 143261
856 ## - LOCALIZACIÓN Y ACCESO ELECTRÓNICOS
Identificador Uniforme del Recurso http://10.13.5.2/tesis/tl/Gomez_Mendez_Martha_Daniela.pdf
Nota pública DESCARGAR PDF
942 ## - ELEMENTOS DE PUNTO DE ACCESO ADICIONAL (KOHA)
Fuente del sistema de clasificación o colocación Clasificación Universidad Autónoma Chapingo
Tipo de ítem Koha Tesis digital
Holdings
Estado de retiro Estado de pérdida Fuente del sistema de clasificación o colocación Estado dañado Restricciones de uso No para préstamo Código de colección Localización permanente Ubicación/localización actual Ubicación en estantería Fecha de adquisición Total de préstamos Signatura topográfica completa Fecha visto por última vez Precio válido a partir de Tipo de ítem Koha
    Clasificación Universidad Autónoma de Chapingo   Préstamo interno   Tesis digitales de Licenciatura Biblioteca Digital Biblioteca Digital En línea 12/02/2024   Tesis digital 12/02/2024 12/02/2024 Tesis digital